000 01391nam a2200349Ia 4500
001 ebr10231561
003 CaPaEBR
006 m u
007 cr cn|||||||||
008 071115s2008 nyuaf sb 001 0 eng d
010 _z 2007047354
020 _z9781420054675 (hb : alk. paper)
020 _z9781420054682
020 _z1420054678 (hb : alk. paper)
040 _aCaPaEBR
_cCaPaEBR
035 _a(OCoLC)236074413
050 1 4 _aRC271.I45
_bC42 2008eb
245 0 0 _aCancer vaccines
_h[electronic resource] :
_bchallenges and opportunities in translation /
_cedited by Adrian Bot, Mihail Obrocea.
260 _aNew York :
_bInforma Healthcare,
_cc2008.
300 _axii, 217 p., [4] p. of plates :
_bill. (some col.).
490 1 _aTranslational medicine series ;
_v6
504 _aIncludes bibliographical references and index.
533 _aElectronic reproduction.
_bPalo Alto, Calif. :
_cebrary,
_d2009.
_nAvailable via World Wide Web.
_nAccess may be limited to ebrary affiliated libraries.
650 0 _aCancer vaccines.
650 0 _aOncology.
655 7 _aElectronic books.
_2local
700 1 _aBot, Adrian.
700 1 _aObrocea, Mihail.
710 2 _aebrary, Inc.
830 0 _aTranslational medicine series ;
_v6.
856 4 0 _uhttp://site.ebrary.com/lib/rucke/Doc?id=10231561
_zAn electronic book accessible through the World Wide Web; click to view
999 _c25526
_d25526